000 00312nam a22001337a 4500
008 171009b xxu||||| |||| 00| 0 eng d
020 _a9788131512395
041 _aeng
080 _a159.9
100 _a49
101 _aPSI
245 _aPSYCHOLGICAL TESTING AND ASSESMENT
_cKAPLAN.R.M
942 _2udc
_cBK
999 _c32574
_d32574